Normal view
MARC view
- PRODUCTIVIE SCIENTISTS OF PAKISTAN 2005.PCST.UNIVERSITY FACULTY PUBLICATIONS.RESEARCH PAPERS AND PUBLICATIONS OF PAKISTANI FACULTY
Entry Topical Term
001 - CONTROL NUMBER
- control field: 63921
003 - CONTROL NUMBER IDENTIFIER
- control field: NUST
005 - DATE AND TIME OF LATEST TRANSACTION
- control field: 20210628203210.0
008 - FIXED-LENGTH DATA ELEMENTS
- fixed length control field: 210628|| aca||aabn | a|a d
040 ## - CATALOGING SOURCE
- Original cataloging agency: NUST
- Transcribing agency: NUST
150 ## - HEADING--TOPICAL TERM
- Topical term or geographic name entry element: PRODUCTIVIE SCIENTISTS OF PAKISTAN 2005.PCST.UNIVERSITY FACULTY PUBLICATIONS.RESEARCH PAPERS AND PUBLICATIONS OF PAKISTANI FACULTY
670 ## - SOURCE DATA FOUND
- Source citation: Work cat.: (NUST): Pcst 38279, Productive scientists of pakistan 2005, 2005
